| 000 | 00439nam a2200205Ia 4500 | ||
|---|---|---|---|
| 005 | 20251020182542.0 | ||
| 008 | 200515s9999 xx 000 0 und d | ||
| 082 | _a741:7.047/A59 | ||
| 100 | _aANTONINO, José | ||
| 245 | 0 | _aDibujando el paisaje | |
| 250 | _a4a ed. | ||
| 260 | _aBarcelona | ||
| 260 | _c1980 | ||
| 300 | _a149 | ||
| 500 | _a1 ejemplar | ||
| 650 | _aDIBUJO | ||
| 650 | _aLIB | ||
| 650 | _aPAISAJES | ||
| 942 | _cLIB | ||
| 999 |
_c2434 _d2434 |
||